la divina comedia / (Registro nro. 7209)

Detalles MARC
000 -LEADER
fixed length control field 00816nam a22002177a 4500
003 - CONTROL NUMBER IDENTIFIER
control field OSt
005 - DATE AND TIME OF LATEST TRANSACTION
control field 20250627103823.0
008 - FIXED-LENGTH DATA ELEMENTS--GENERAL INFORMATION
fixed length control field 210217s2008 ck a|||gr|||| 00| 0 spa d
040 ## - CATALOGING SOURCE
Original cataloging agency CO-JMCR
Transcribing agency CO-JMCR
041 1# - LANGUAGE CODE
Language code of text/sound track or separate title spa
Language code of original eng
082 04 - DEWEY DECIMAL CLASSIFICATION NUMBER
Classification number A-P
Item number ALId
Edition number 23
100 1# - MAIN ENTRY--PERSONAL NAME
Personal name Alighieri, Dante,
Dates associated with a name 1265-1321
Relator term autor
9 (RLIN) 13548
245 13 - TITLE STATEMENT
Title la divina comedia /
Statement of responsibility, etc. Dante Alighieri ; traducción de las ediciones en verso, Luis Martínez de Merlo
260 ## - PUBLICATION, DISTRIBUTION, ETC.
Place of publication, distribution, etc. Bogotá :
Name of publisher, distributor, etc. Universidad Nacional de Colombia, Facultad de ciencias humanas,
Date of publication, distribution, etc. 2008
300 ## - PHYSICAL DESCRIPTION
Extent 74 páginas :
Other physical details ilustraciones en blanco y negro ;
Dimensions 17 cm.
490 ## - SERIES STATEMENT
Series statement Señal que cabalgamos ;
-- año séptimo ;
Volume/sequential designation 85
650 14 - SUBJECT ADDED ENTRY--TOPICAL TERM
Topical term or geographic name entry element Literatura italiana
9 (RLIN) 833
650 14 - SUBJECT ADDED ENTRY--TOPICAL TERM
Topical term or geographic name entry element Infierno
9 (RLIN) 13549
700 1# - ADDED ENTRY--PERSONAL NAME
Personal name Martínez de Merlo, Luis,
Relator term traductor
9 (RLIN) 13550
942 ## - ADDED ENTRY ELEMENTS (KOHA)
Source of classification or shelving scheme Dewey Decimal Classification
Koha item type Books
Existencias
Withdrawn status Lost status Source of classification or shelving scheme Damaged status Not for loan Home library Current library Shelving location Date acquired Source of acquisition Total Checkouts Full call number Barcode Date last seen Copy number Price effective from Koha item type
    Dewey Decimal Classification     Biblioteca Pública José María del Castillo y Rada Biblioteca Pública José María del Castillo y Rada General Stacks 10/02/2020 Donación   A-P ALId 201810359 02/17/2021 Ej1 10/02/2020 Books